MARKET RELATIONS AND THE COMPETITIVE PROCESS (Record no. 1309742)

MARC details
000 -LEADER
fixed length control field 00528nam a22001817a 4500
003 - CONTROL NUMBER IDENTIFIER
control field OSt
005 - DATE AND TIME OF LATEST TRANSACTION
control field 20250506164559.0
008 - FIXED-LENGTH DATA ELEMENTS--GENERAL INFORMATION
fixed length control field 250429b |||||||| |||| 00| 0 eng d
020 ## - INTERNATIONAL STANDARD BOOK NUMBER
International Standard Book Number 9780719064685
040 ## - CATALOGING SOURCE
Transcribing agency RDA
100 ## - MAIN ENTRY--PERSONAL NAME
Personal name METCALFE,STAN.,
Relator term AUTHOR
9 (RLIN) 753413
245 ## - TITLE STATEMENT
Title MARKET RELATIONS AND THE COMPETITIVE PROCESS
Statement of responsibility, etc. By Stan Metcalfe and Alan Warde
260 ## - PUBLICATION, DISTRIBUTION, ETC.
Place of publication, distribution, etc. NEW YORK
Name of publisher, distributor, etc. MANCHESTER UNIVERSITY PRESS
Date of publication, distribution, etc. 2002
300 ## - PHYSICAL DESCRIPTION
Extent 214P
650 ## - SUBJECT ADDED ENTRY--TOPICAL TERM
Source of heading or term RELATIONS
700 ## - ADDED ENTRY--PERSONAL NAME
Personal name WARDE,ALAN.,
Relator term EDITOR
9 (RLIN) 753414
942 ## - ADDED ENTRY ELEMENTS (KOHA)
Source of classification or shelving scheme Colon Classification (CC)
Koha item type General Books
Suppress in OPAC No
Holdings
Withdrawn status Lost status Source of classification or shelving scheme Damaged status Not for loan Home library Current library Shelving location Date acquired Cost, normal purchase price Total Checkouts Full call number Barcode Date last seen Price effective from Koha item type
    Colon Classification (CC)     Faculty of Management Library Faculty of Management Library General Stacks 2017-09-01 3686.85   X:51 P2 ML1634401 2025-04-29 2025-04-29 General Books
Copyright @ Delhi University Library System